00443nam a2200169 a 45000010005000000030009000050080041000140400028000550820023000831000020001062450017001262600044001433000010001874900030001976500029002276500017002561490CO-ViMGA141112s2004 ck r 000 u spa d aCO-ViMGAbspacCO-ViMGA04aMEVIECAR.6424 Y3771 aYester, Michael10aTurbo pascal aWilmington : bAddison - Wesley, c1990 a181 p aManual de bolsillo, 5183114aLENGUAJE DE PROGRAMACION14aTURBO PASCAL